All Fairy-Type Pokémon moves (SV) - Statistics

General Stats
  • This quiz has been taken 60 times
  • The average score is 24 of 33
Answer Stats
Gen Category Base Power Description Answer % Correct
VI Special 50 The user steals the target's HP with a kiss. The user's HP is restored by over half the damage taken by the target. Draining Kiss
100%
VI Special 40 The user attacks by stirring up a fairy wind to strike the target. Fairy Wind
100%
II Status - The user gazes at the target rather charmingly, making it less wary. This harshly lowers the target's Attack stat. Charm
97%
VI Special 80 The user damages opposing Pokémon by emitting a powerful flash. Dazzling Gleam
97%
VI Special 95 Borrowing the power of the moon, the user attacks the target. This may also lower the target's Sp. Atk stat. Moonblast
97%
VI Status - The user stares at the target with its baby-doll eyes, which lowers the target's Attack stat. This move always goes first. Baby-Doll Eyes
93%
VI Status - By locking down the battlefield, the user keeps all Pokémon from fleeing during the next turn. Fairy Lock
93%
VI Status - This protects Pokémon on the ground from status conditions and halves damage from Dragon-type moves for five turns. Misty Terrain
93%
VI Physical 90 The user attacks by playing rough with the target. This may also lower the target's Attack stat. Play Rough
93%
II Status - The user kisses the target with a sweet, angelic cuteness that causes confusion. Sweet Kiss
93%
II Status - The user restores its own HP. The amount of HP regained varies with the weather. Moonlight
90%
VIII Status - The user sharply boosts the target's Attack and Sp. Atk stats by decorating the target. Decorate
86%
VII Physical/Special - The user creates a very charming space using its Z-Power and totally toys with the target. The power varies, depending on the original move. Twinkle Tackle
83%
VII Special 130 The user unleashes a strong beam. The recoil from this move harshly lowers the user's Sp. Atk stat. Fleur Cannon
79%
VI Status - The user absorbs energy on the first turn, then sharply boosts its Sp. Atk, Sp. Def, and Speed stats on the next turn. Geomancy
79%
VI Special 40 Letting out a charming cry, the user does emotional damage to opposing Pokémon. This attack never misses. Disarming Voice
76%
VIII Special 100 The user attacks everything around it and faints upon using this move. This move's power is boosted on Misty Terrain. Misty Explosion
76%
VII Special - The user hits the target with the full wrath of nature. This cuts the target's HP in half. Nature's Madness
76%
VIII Physical 75 The user attacks the target with so much force that it could break the target's spirit. This also lowers the target's Sp. Atk stat. Spirit Break
76%
VII Special - The user, the Land Spirit Pokémon, obtains Alola's energy using its Z-Power and attacks the target with full force. This reduces the target's HP greatly. Guardian of Alola
69%
VI Special 140 Drawing power from the Eternal Flower, the user fires a powerful beam of light. This also damages the user terribly. Light of Ruin
69%
VI Status - The user protects itself and its allies from status moves with a mysterious power. This does not stop moves that do damage. Crafty Shield
62%
VII Physical 190 After obtaining Z-Power, the user, Mimikyu, punches the target with full force. Let's Snuggle Forever
62%
VIII Physical/Special - This is a Fairy-type attack Dynamax Pokémon use. The user turns the ground into Misty Terrain for five turns. Max Starfall
62%
VIII Special 90 The user attacks the target by emitting steam. This may also confuse the target. Strange Steam
62%
VI Status - The user raises the Sp. Def stat of an ally Pokémon by using a mysterious aroma. Aromatic Mist
59%
IX Physical 100 This move is only used by a Starmobile. It may confuse the opponent. Magical Torque
59%
VII Status - The user restores the target's HP by up to half its max HP. More HP is restored when the ground is Grassy Terrain. Floral Healing
45%
VI Status - The user raises the Defense stats of all Grass-type Pokémon in battle with a mysterious power. Flower Shield
45%
VIII Special 100 The user attacks by wrapping opposing Pokémon in fierce winds brimming with love and hate. This may also lower their Attack stats. Springtide Storm
45%
VIII Physical/Special - A Fairy-type attack that Gigantamax Alcremie use. This move heals the HP of allies. G-Max Finale
41%
VIII Physical/Special - A Fairy-type attack that Gigantamax Hatterene use. This move confuses opponents. G-Max Smite
41%
VII Special 120 The user attacks the target by wrapping it with a whirlwind of an overpowering scent. This also heals all status conditions of the user’s party. Sparkly Swirl
24%
No matching quizzes found
Score Distribution
Percent of People with Each Score
Percentile by Number Answered
Your Score History
You have not taken this quiz